|
|
|
|
| LEADER |
00926nam a22002772a 4500 |
| 001 |
000758550 |
| 003 |
CZ BrMZK |
| 005 |
20060313115705.0 |
| 007 |
ta |
| 008 |
050107s1976 xr er|||||||||||cze d |
| 015 |
|
|
|a cnb000471121
|
| 035 |
|
|
|a (OCoLC)42120577
|
| 040 |
|
|
|a BOA001
|b cze
|
| 041 |
0 |
|
|a cze
|a rus
|
| 100 |
1 |
|
|a Mervart, Miroslav,
|d 1920-
|7 jk01081325
|4 aut
|
| 245 |
1 |
0 |
|a Textová cvičebnice ruského jazyka pro chemiky /
|c Miroslav Mervart
|
| 250 |
|
|
|a 1. vyd.
|
| 260 |
|
|
|a Praha :
|b Státní pedagogické nakladatelství,
|c 1976
|
| 300 |
|
|
|a 211 s.
|
| 500 |
|
|
|a Rotaprint.
|
| 504 |
|
|
|a Bibliografie na s. 209.
|
| 710 |
2 |
|
|a Univerzita Karlova.
|b Přírodovědecká fakulta
|7 kn20010709364
|
| 910 |
|
|
|a BOA001
|b PK-N-0017.633
|
| 964 |
|
|
|a Ruština - texty chemické - učebnice - školy vysoké
|
| 990 |
|
|
|a BK
|
| 996 |
6 |
|
|b BC-184811
|c PK-N-0017.633
|l MZK
|r Sklad / do 1 hodiny
|n 0
|w 000758550
|u 000010
|a 1
|e BOA001
|j MZK50
|s P
|